| 000 | 00778nam a22001697a 4500 | ||
|---|---|---|---|
| 003 | OSt | ||
| 005 | 20251216133538.0 | ||
| 008 | 251216b |||||||| |||| 00| 0 eng d | ||
| 040 | _cDCL | ||
| 082 | _a၂၉၄.၃၈၂၄ | ||
| 100 | 0 |
_aအေးနိုင်၊ _cဦး၊ ဆရာ- |
|
| 245 | 1 | 0 |
_aဝိုင်-အမ်-ဘီ-အေ-အဘိဓမ္မာ (ရုပ်ပိုင်းပို့ချချက်များ) / _cဆရာဦးအေးနိုင်။ |
| 264 |
_aရန်ကုန် ၊ _bသာသနာရေးဦးစီး၊ _c၁၉၈၂။ |
||
| 300 |
_aသ၊ ၃၁၁ စာမျက်နှာ ၊ _c၂၀ စင်တီ။ |
||
| 650 | _aအဘိဓမ္မာ။ | ||
| 942 |
_2ddc _cSHORT TERM _n0 |
||
| 999 |
_c2730 _d2730 |
||